[Event "9. Torneo Villa de Mondragón"]
[Site "Mondragón ESP"]
[Date "2009.11.13"]
[Round "6.2"]
[White "Franco Alonso, Alejandro"]
[Black "Miguel Quintero, Antonio"]
[Result "1-0"]
[PlyCount "60"]
[EventDate "2009.10.09"]
[EventType "swiss"]
[EventRounds "6"]
[EventCountry "ESP"]
[Source "lmi"]
[SourceDate "2009.10.09"]
[WhiteElo "2465"]
[BlackElo "2174"]

1. d4 d5 2. c4 e6 3. Nf3 Nf6 4. g3 Be7 5. Bg2 O-O 6. O-O Nbd7 7. Qc2 c5 8. Rd1
cxd4 9. cxd5 Nxd5 10. Nxd4 N7f6 11. e4 Nb4 12. Qe2 Qb6 13. Nc3 e5 14. Nf5 Bxf5
15. exf5 Nc6 16. Be3 Qa5 17. Nd5 Nxd5 18. Rxd5 Qc7 19. Rc1 Rfd8 20. Rb5 Rac8
21. Qg4 Qd7 22. Rd5 Qe8 23. Rxd8 Qxd8 24. Bxc6 Rxc6 25. Rxc6 bxc6 26. Bxa7 Qa5
27. f6 Bxf6 28. Qc8+ Bd8 29. b4 Qc7 30. Qxc7 Bxc7 1-0

[Event "9. Torneo Villa de Mondragón"]
[Site "Mondragón ESP"]
[Date "2009.11.13"]
[Round "6.3"]
[White "Argandoña Riveiro, Iñigo"]
[Black "Prieto Aranguren, Alain"]
[Result "1-0"]
[PlyCount "47"]
[EventDate "2009.10.09"]
[EventType "swiss"]
[EventRounds "6"]
[EventCountry "ESP"]
[Source "lmi"]
[SourceDate "2009.10.09"]
[WhiteElo "2375"]
[BlackElo "2109"]

1. Nf3 Nf6 2. c4 g6 3. Nc3 Bg7 4. e4 d6 5. d4 O-O 6. Be3 e5 7. dxe5 dxe5 8.
Qxd8 Rxd8 9. Nd5 Nxd5 10. cxd5 c6 11. Bc4 cxd5 12. Bxd5 Nc6 13. Ng5 Rd7 14.
O-O-O h6 15. Bxc6 bxc6 16. Rxd7 Bxd7 17. Rd1 Be8 18. Nf3 f5 19. Rd6 f4 20. Bd2
Bf7 21. h4 a5 22. Rd3 a4 23. Rc3 Be8 24. Rc5 1-0

[Event "9. Torneo Villa de Mondragón"]
[Site "Mondragón ESP"]
[Date "2009.11.13"]
[Round "6.4"]
[White "Montolio Benedicto, Cesar"]
[Black "Miguel Quintero, Francisco"]
[Result "0-1"]
[PlyCount "62"]
[EventDate "2009.10.09"]
[EventType "swiss"]
[EventRounds "6"]
[EventCountry "ESP"]
[Source "lmi"]
[SourceDate "2009.10.09"]
[WhiteElo "1991"]
[BlackElo "2255"]

1. e4 g6 2. d4 Bg7 3. c4 c5 4. d5 d6 5. Nc3 Nf6 6. Nf3 O-O 7. Bd3 e6 8. O-O
exd5 9. exd5 Re8 10. h3 Nh5 11. Re1 Rxe1+ 12. Qxe1 Nd7 13. Bg5 Bf6 14. Bxf6
Nhxf6 15. Qe3 Nb6 16. Re1 Kg7 17. Ng5 h6 18. Nge4 Nxe4 19. Nxe4 Bf5 20. Ng3
Bxd3 21. Qxd3 Qf6 22. b3 Nd7 23. Qe2 Qh4 24. Kf1 Nf6 25. Qe7 Re8 26. Qxd6 Rxe1+
27. Kxe1 Qd4 28. Qe7 Qa1+ 29. Kd2 Qxa2+ 30. Kc3 Qxf2 31. Qe5 Qxg3+ 0-1

[Event "9. Torneo Villa de Mondragón"]
[Site "Mondragón ESP"]
[Date "2009.11.13"]
[Round "6.5"]
[White "Tornay Gomez, Josu"]
[Black "Irure Crespo, Egoitz"]
[Result "1-0"]
[PlyCount "43"]
[EventDate "2009.10.09"]
[EventType "swiss"]
[EventRounds "6"]
[EventCountry "ESP"]
[Source "lmi"]
[SourceDate "2009.10.09"]
[WhiteElo "2107"]
[BlackElo "1967"]

1. e4 e5 2. Nf3 Nc6 3. Bb5 Nf6 4. O-O Nxe4 5. Re1 Nd6 6. Nxe5 Nxe5 7. Rxe5+ Be7
8. Bd3 f6 9. Qh5+ Nf7 10. Re1 d5 11. b3 Kf8 12. Bb2 d4 13. Bc4 Nd6 14. Ba3 Qe8
15. Qd5 Bd7 16. Qxd4 Bc6 17. Nc3 Qg6 18. Nd5 Re8 19. Nf4 Qh6 20. Ne6+ Kf7 21.
Bxd6 Bxd6 22. Nxc7+ 1-0

[Event "9. Torneo Villa de Mondragón"]
[Site "Mondragón ESP"]
[Date "2009.11.13"]
[Round "6.6"]
[White "Fernandez Zubitur, Jokin"]
[Black "Alcaide Luque, Aitor"]
[Result "1/2-1/2"]
[PlyCount "74"]
[EventDate "2009.10.09"]
[EventType "swiss"]
[EventRounds "6"]
[EventCountry "ESP"]
[Source "lmi"]
[SourceDate "2009.10.09"]
[WhiteElo "1869"]
[BlackElo "2104"]

1. e4 e6 2. d4 d5 3. exd5 exd5 4. Bd3 Nc6 5. c3 Bd6 6. Nf3 Nge7 7. O-O Bg4 8.
h3 Bh5 9. b3 Bg6 10. Ba3 O-O 11. Bxd6 Qxd6 12. Qc2 Bxd3 13. Qxd3 Ng6 14. g3 Qd7
15. Kg2 f6 16. Nbd2 Nce7 17. Rfe1 Nf5 18. Re2 Rae8 19. Rae1 Nd6 20. Rxe8 Rxe8
21. Rxe8+ Qxe8 22. Qe3 Qxe3 23. fxe3 Nb5 24. c4 Nc3 25. a3 Ne7 26. g4 dxc4 27.
bxc4 Kf7 28. Ne1 c6 29. Kf3 Ke6 30. Nd3 b6 31. Nf4+ Kf7 32. Ne4 Nxe4 33. Kxe4
Nc8 34. d5 Nd6+ 35. Kd4 c5+ 36. Kd3 g6 37. e4 Ke7 1/2-1/2

[Event "9. Torneo Villa de Mondragón"]
[Site "Mondragón ESP"]
[Date "2009.11.13"]
[Round "6.7"]
[White "Villar Moron, Roberto"]
[Black "Segura Del Frago, Imanol"]
[Result "0-1"]
[PlyCount "96"]
[EventDate "2009.10.09"]
[EventType "swiss"]
[EventRounds "6"]
[EventCountry "ESP"]
[Source "lmi"]
[SourceDate "2009.10.09"]
[WhiteElo "1909"]
[BlackElo "2003"]

1. e4 d5 2. exd5 Qxd5 3. Nc3 Qa5 4. d4 e5 5. dxe5 Bb4 6. Bd2 Nc6 7. Bb5 Bd7 8.
e6 fxe6 9. Qh5+ g6 10. Qe2 O-O-O 11. Nf3 Nge7 12. O-O Nd5 13. Ne4 Bxd2 14.
Nexd2 Nf4 15. Qc4 e5 16. Nb3 Qb4 17. Nxe5 Qxc4 18. Nxc4 Nb4 19. Bxd7+ Rxd7 20.
c3 Nbd3 21. Rab1 Re8 22. Ne3 Ne2+ 23. Kh1 Rf7 24. Nd1 Nef4 25. Ne3 Ne2 26. Nd1
g5 27. g3 Ref8 28. Kg2 g4 29. Nd2 Nec1 30. f4 Re7 31. Nf2 Re2 32. Nde4 Re8 33.
Kg1 Nxf2 34. Nxf2 Nxa2 35. Nxg4 Rc2 36. Rf2 Ree2 37. Rxe2 Rxe2 38. Nf6 Re6 39.
Nxh7 Rb6 40. Kg2 Nxc3 41. Re1 Rxb2+ 42. Kh3 Re2 43. Rxe2 Nxe2 44. f5 Kd7 45.
Kg4 a5 46. Nf6+ Kd8 47. Nd5 a4 48. f6 Ke8 0-1

[Event "9. Torneo Villa de Mondragón"]
[Site "Mondragón ESP"]
[Date "2009.11.13"]
[Round "6.8"]
[White "Ruiz Abad, Juan Manuel"]
[Black "Miguelez Garcia, Erlantz"]
[Result "0-1"]
[PlyCount "50"]
[EventDate "2009.10.09"]
[EventType "swiss"]
[EventRounds "6"]
[EventCountry "ESP"]
[Source "lmi"]
[SourceDate "2009.10.09"]
[WhiteElo "1828"]
[BlackElo "1948"]

1. Nf3 Nf6 2. g3 b6 3. Bg2 Bb7 4. O-O g6 5. d4 Bg7 6. c4 c5 7. d5 d6 8. Nc3 O-O
9. e4 Nbd7 10. Nd2 a6 11. a4 Re8 12. f4 Qc7 13. Nf3 e6 14. Re1 exd5 15. cxd5 c4
16. Bf1 b5 17. axb5 axb5 18. Rxa8 Bxa8 19. Kg2 b4 20. Nb5 Qc5 21. Qa4 Nb6 22.
Qa6 Rxe4 23. Bd2 Bxd5 24. Rc1 Re8 25. Bxb4 Qxb4 0-1

[Event "9. Torneo Villa de Mondragón"]
[Site "Mondragón ESP"]
[Date "2009.11.13"]
[Round "6.9"]
[White "Astasio Lopez, David"]
[Black "Sanabria Alvaro, Oscar"]
[Result "1-0"]
[PlyCount "115"]
[EventDate "2009.10.09"]
[EventType "swiss"]
[EventRounds "6"]
[EventCountry "ESP"]
[Source "lmi"]
[SourceDate "2009.10.09"]
[WhiteElo "2315"]
[BlackElo "1813"]

1. d4 d6 2. Nf3 g6 3. Nbd2 Bg7 4. e4 Nd7 5. Bc4 e5 6. c3 Ngf6 7. O-O O-O 8. Re1
h6 9. Nf1 Qe7 10. Ng3 c6 11. Be3 Ng4 12. Bd2 Ngf6 13. Qc2 Nb6 14. Be2 Bg4 15.
h3 Bxf3 16. Bxf3 Nbd7 17. Rad1 Kh7 18. Be2 c5 19. d5 Rab8 20. c4 b6 21. Bd3 Ng8
22. a3 h5 23. b4 Bh6 24. Nf1 Bxd2 25. Nxd2 Nh6 26. Nf3 Kg7 27. Qd2 f6 28. Bc2
g5 29. Bb3 Rbc8 30. Rc1 Rh8 31. Kh2 Nf8 32. Ng1 Ng6 33. Ne2 Qd7 34. Rh1 g4 35.
Kg1 h4 36. Rc3 Kf7 37. Kf1 gxh3 38. gxh3 Rhg8 39. Bd1 Ke7 40. Rb3 Nf7 41. Qe3
Ng5 42. Nc3 Nf4 43. Bg4 Qc7 44. Nb5 Qb8 45. bxc5 bxc5 46. Rb1 a6 47. Nc3 Qc7
48. Ne2 Rb8 49. Rxb8 Rxb8 50. Nxf4 exf4 51. Qxf4 Rb1+ 52. Kg2 Rb2 53. Qf5 Ra2
54. Rd1 Qb8 55. e5 dxe5 56. Rb1 Qc7 57. d6+ Qxd6 58. Rb7+ 1-0

[Event "9. Torneo Villa de Mondragón"]
[Site "Mondragón ESP"]
[Date "2009.11.13"]
[Round "6.10"]
[White "Salinero De Prado, Juan Manuel"]
[Black "Hernando Casas, Jose Manuel"]
[Result "0-1"]
[PlyCount "72"]
[EventDate "2009.10.09"]
[EventType "swiss"]
[EventRounds "6"]
[EventCountry "ESP"]
[Source "lmi"]
[SourceDate "2009.10.09"]
[WhiteElo "2174"]
[BlackElo "2029"]

1. e4 e6 2. b3 d5 3. Bb2 dxe4 4. Nc3 Nf6 5. Qe2 Be7 6. O-O-O O-O 7. Nxe4 a5 8.
a4 c6 9. Nf3 Nbd7 10. Neg5 Nc5 11. d4 Na6 12. Ne5 Nc7 13. h4 Bd7 14. Qf3 Ncd5
15. Bd3 b5 16. Ngxf7 Rxf7 17. Nxf7 Kxf7 18. Bxh7 bxa4 19. g4 a3 20. Ba1 Qh8 21.
Bd3 Ke8 22. Bg6+ Kd8 23. g5 Ne8 24. c4 Nb4 25. d5 cxd5 26. Qe3 Nc7 27. h5 Qf8
28. h6 gxh6 29. gxh6 Bf6 30. h7 Bxa1 31. Rd4 Qh8 32. Rhh4 a2 33. Kd2 Bb2 34.
Ke2 a1=Q 35. Rdg4 Bc1 36. Rg1 Qab2+ 0-1

[Event "9. Torneo Villa de Mondragón"]
[Site "Mondragón ESP"]
[Date "2009.11.13"]
[Round "6.11"]
[White "Beitia Amador-Carrandi, Ernesto"]
[Black "Etxagibel Larranaga, Asier"]
[Result "0-1"]
[PlyCount "74"]
[EventDate "2009.10.09"]
[EventType "swiss"]
[EventRounds "6"]
[EventCountry "ESP"]
[Source "lmi"]
[SourceDate "2009.10.09"]
[WhiteElo "1988"]
[BlackElo "1945"]

1. e4 c5 2. Ne2 e6 3. d4 cxd4 4. Nxd4 a6 5. Bd3 Qc7 6. O-O Nf6 7. Be3 Be7 8.
Nc3 O-O 9. f4 d6 10. Qe1 Nbd7 11. Nb3 b6 12. Qg3 Bb7 13. Rae1 b5 14. a3 e5 15.
fxe5 dxe5 16. Kh1 Kh8 17. Qh3 Nb6 18. Bxb6 Qxb6 19. Nd5 Qd6 20. Rd1 Rad8 21.
Nxe7 Qxe7 22. Qe3 Rd6 23. Nc5 Ng4 24. Qg1 Rh6 25. h3 Bc8 26. Rf3 Nf6 27. Rff1
Nh5 28. Qe3 Nf4 29. Rxf4 exf4 30. Qf2 f3 31. Bf1 fxg2+ 32. Bxg2 Bxh3 33. Bxh3
Rxh3+ 34. Kg2 Rh6 35. b4 Rg6+ 36. Kh1 Qg5 37. Ne6 Rh6+ 0-1

[Event "9. Torneo Villa de Mondragón"]
[Site "Mondragón ESP"]
[Date "2009.11.13"]
[Round "6.12"]
[White "Fernandez Del Pozo, Anibal"]
[Black "Ruiz Martinez, Isidro"]
[Result "1/2-1/2"]
[PlyCount "80"]
[EventDate "2009.10.09"]
[EventType "swiss"]
[EventRounds "6"]
[EventCountry "ESP"]
[Source "lmi"]
[SourceDate "2009.10.09"]
[WhiteElo "1759"]
[BlackElo "1966"]

1. d4 Nf6 2. g3 g6 3. Bg2 Bg7 4. c3 d5 5. Nf3 O-O 6. O-O Nc6 7. Bf4 Re8 8. Na3
Nh5 9. Bg5 h6 10. Be3 f5 11. Qc1 Kh7 12. Nh4 e5 13. dxe5 Nxe5 14. Bd4 b6 15.
Nf3 Nxf3+ 16. Bxf3 Nf6 17. Nc2 Ba6 18. Re1 c5 19. Bxf6 Bxf6 20. e3 Re5 21. Rd1
Qg8 22. Ne1 Rd8 23. Rd2 Qe8 24. Ng2 Bb7 25. c4 Qf7 26. cxd5 Bxd5 27. Bxd5 Rexd5
28. Rxd5 Qxd5 29. Rb1 Qd2 30. Qc4 Qd5 31. Qa4 Qd7 32. Qc4 Qd3 33. Qf7+ Bg7 34.
Rf1 Rd7 35. Qe8 g5 36. h4 Rd8 37. Qh5 gxh4 38. Nxh4 Rd5 39. Qg6+ Kg8 40. Qe8+
Kh7 1/2-1/2

[Event "9. Torneo Villa de Mondragón"]
[Site "Mondragón ESP"]
[Date "2009.11.13"]
[Round "6.13"]
[White "Cotta Esnaola, Andoni"]
[Black "Alvarez Dominguez, Francisco  Javier"]
[Result "0-1"]
[PlyCount "80"]
[EventDate "2009.10.09"]
[EventType "swiss"]
[EventRounds "6"]
[EventCountry "ESP"]
[Source "lmi"]
[SourceDate "2009.10.09"]
[WhiteElo "1724"]
[BlackElo "1963"]

1. e4 c5 2. Nf3 e6 3. d4 cxd4 4. Nxd4 Nc6 5. Nxc6 bxc6 6. Nd2 d6 7. Nb3 Nf6 8.
Bd3 Be7 9. O-O O-O 10. Bd2 e5 11. Ba5 Qd7 12. Qe2 Bb7 13. f4 Qg4 14. Qe3 d5 15.
fxe5 Nxe4 16. Bxe4 dxe4 17. Rf4 Bg5 18. Rxg4 Bxe3+ 19. Kh1 c5 20. Bc3 h5 21.
Rg3 Bf2 22. Rh3 g6 23. Be1 Bd4 24. Na5 Bd5 25. c4 Be6 26. Rb3 Rfb8 27. Bc3 Bf2
28. Rxb8+ Rxb8 29. b3 Rd8 30. Be1 Bd4 31. Rd1 Bg4 32. Rd2 e3 33. Rd3 Be2 34.
Nc6 Rd7 35. e6 fxe6 36. Ne5 Rg7 37. Rxd4 cxd4 38. g3 d3 39. Nxd3 Bxd3 40. Kg2
Rf7 0-1

[Event "9. Torneo Villa de Mondragón"]
[Site "Mondragón ESP"]
[Date "2009.11.13"]
[Round "6.14"]
[White "Alberdi Jarit, Gaizka"]
[Black "Larios Villa, Francisco Javier"]
[Result "0-1"]
[PlyCount "60"]
[EventDate "2009.10.09"]
[EventType "swiss"]
[EventRounds "6"]
[EventCountry "ESP"]
[Source "lmi"]
[SourceDate "2009.10.09"]
[WhiteElo "1583"]
[BlackElo "1948"]

1. e4 d5 2. exd5 Qxd5 3. Nc3 Qa5 4. d4 Nf6 5. Bd2 c6 6. Ne4 Qc7 7. Nxf6+ gxf6
8. Bc4 Bf5 9. Bb3 Nd7 10. Qf3 Bg6 11. Ne2 O-O-O 12. Bf4 e5 13. dxe5 Nxe5 14.
Qh3+ Kb8 15. O-O Bd6 16. Rad1 Rhg8 17. Nc3 Rde8 18. Rfe1 Bf5 19. Qe3 Nf3+ 20.
Qxf3 Rxe1+ 21. Rxe1 Bxf4 22. g3 Bd2 23. Rb1 Qe5 24. a4 Kc7 25. Kf1 Bh3+ 26. Kg1
Re8 27. Qd1 Bxc3 28. bxc3 Qe4 29. f3 Qe3+ 30. Kh1 Qf2 0-1

[Event "9. Torneo Villa de Mondragón"]
[Site "Mondragón ESP"]
[Date "2009.11.13"]
[Round "6.15"]
[White "Vallverdu Verge, Carme"]
[Black "De Andres Andres, Eugenio"]
[Result "1/2-1/2"]
[PlyCount "82"]
[EventDate "2009.10.09"]
[EventType "swiss"]
[EventRounds "6"]
[EventCountry "ESP"]
[Source "lmi"]
[SourceDate "2009.10.09"]
[WhiteElo "1600"]
[BlackElo "1820"]

1. d4 Nf6 2. Bg5 c5 3. d5 Qb6 4. Nc3 Qxb2 5. Bd2 Qb6 6. e4 d6 7. Rb1 Qd8 8. Be2
g6 9. f4 Bg7 10. Nf3 O-O 11. O-O Nbd7 12. Bb5 Rb8 13. a4 a6 14. Bd3 Ne8 15. Qe2
Qc7 16. Rfe1 e5 17. dxe6 fxe6 18. Bc4 Nb6 19. Ng5 Bd4+ 20. Kh1 Ng7 21. f5 Nxc4
22. Qxc4 Qe7 23. Rb6 Kh8 24. Bf4 Bxc3 25. Qxc3 e5 26. Be3 gxf5 27. exf5 Bxf5
28. Qd2 Ne8 29. c4 Be6 30. Qc3 Bd7 31. a5 Bc6 32. Rd1 Rg8 33. Nf3 Ng7 34. Bg5
Qf7 35. Rxd6 Bxf3 36. gxf3 Rbf8 37. Rf6 Qc7 38. Bh6 Rxf6 39. Rxf6 Nh5 40. Rf5
Ng7 41. Rxe5 Qd7 1/2-1/2

[Event "9. Torneo Villa de Mondragón"]
[Site "Mondragón ESP"]
[Date "2009.11.13"]
[Round "6.16"]
[White "Axpe Goikoetxea, Javier"]
[Black "Alcaide Rodriguez, Mikel"]
[Result "0-1"]
[PlyCount "90"]
[EventDate "2009.10.09"]
[EventType "swiss"]
[EventRounds "6"]
[EventCountry "ESP"]
[Source "lmi"]
[SourceDate "2009.10.09"]
[WhiteElo "1815"]
[BlackElo "1786"]

1. e4 c5 2. Nf3 d6 3. d4 cxd4 4. Nxd4 Nf6 5. Nc3 g6 6. Bg5 Bg7 7. Qd2 O-O 8.
Bh6 Nc6 9. Bxg7 Kxg7 10. O-O-O Nxd4 11. Qxd4 Be6 12. f3 Qa5 13. Bc4 Bxc4 14.
Qxc4 Rac8 15. Qb3 Rc7 16. Nd5 Nxd5 17. Rxd5 Qa6 18. Rhd1 Rfc8 19. R5d2 b5 20.
Kb1 Qb6 21. c3 a5 22. Rd5 Rb8 23. a4 bxa4 24. Qxb6 Rxb6 25. Rxa5 Rxc3 26. Rxa4
Rcb3 27. Rd2 g5 28. Rad4 Kf6 29. R4d3 Rxd3 30. Rxd3 Rb5 31. Kc2 Ke5 32. b3 d5
33. Rxd5+ Rxd5 34. exd5 Kd4 35. Kd2 f5 36. g3 h6 37. h3 h5 38. g4 hxg4 39. fxg4
f4 40. h4 gxh4 41. Ke2 h3 42. Kf2 h2 43. Kg2 Ke3 44. Kxh2 f3 45. g5 f2 0-1